000 00486nam a22001577a 4500
082 _a621.3
_bAMI
100 _aAmina, Komal Hussain (360780)
_9119893
245 _aPredictive Modeling and Analysis of Smart Building Energy Management: A Multi-model Approach /
264 _aIslamabad :
_bUSPCAS-E, NUST
_cNov, 2023.
300 _axiv, 61 p.
_e+CD
520 _aTH-553
650 _aMS Thesis
_918721
650 _aMS EEP Thesis
700 _a Dr. Muhammad Yousif
942 _2ddc
_cTHE
999 _c607421
_d607421